000 00686nam a22002057a 4500
999 _c4073
_d4073
003 AR-CdUCM
008 190307b ||||| |||| 00| 0 spa d
040 _aMUNICIPALIDAD PROVINCIAL DEL CUSCO
_cBIBLIOTECA MUNICIPAL DEL CUSCO
082 _2Fasc.
_a985.05 /
_bP48
110 _aPetroleos del Perú
_912944
245 _aLa Abeja Republicana :
_b1822 - 1823 /
260 _aPerú :
_bEdiciones Copé ,
_c1971.
300 _c18 cm.
505 _aContenido : Peru Republicano -- Historias de la Colonia -- Relatos de 1971...
650 _aPerú Republicano
_97837
650 _aHistoria Peruana
_91316
650 _aHistoria Latinoamericana
_912945
942 _2ddc
_cLIBROS
945 _artm